[Event "Montigny le Bretonneux op 7th"]
[Site "Montigny le Bretonneux"]
[Date "2003.05.04"]
[Round "8.20"]
[White "Blasco, Robert"]
[Black "Villaret, Valerie"]
[Result "0-1"]
[WhiteElo "1210"]
[BlackElo "1360"]
[PlyCount "84"]
[EventDate "2003.05.??"]
[EventType "swiss"]
[EventRounds "9"]
[EventCountry "FRA"]
[SourceTitle "EXT 2004"]
[Source "ChessBase"]
[SourceDate "2003.11.25"]
[SourceVersion "1"]
[SourceVersionDate "2003.11.25"]
[SourceQuality "1"]

1. e4 e5 2. Bc4 Nf6 3. Nc3 Bb4 4. Nf3 d6 5. a3 Bxc3 6. bxc3 Nxe4 7. Bb2 Bg4 8. h3 Bh5 9. d4 Nd7 10. g4 Bg6 11. h4 h6 12. Qe2 0-0 13. 0-0-0 Re8 14. Bd3 d5 15. c4 c6 16. Nd2 Nxd2 17. Bxg6 fxg6 18. Rxd2 g5 19. h5 e4 20. Qd1 Nb6 21. c5 Nc4 22. Re2 Nxb2 23. Kxb2 b6 24. cxb6 Qxb6+ 25. Ka2 a5 26. c3 Rab8 27. Qb1 Qxb1+ 28. Rxb1 a4 29. Reb2 Rxb2+ 30. Rxb2 e3 31. Re2 Re4 32. Rxe3 Rxe3 33. fxe3 Kf7 34. Kb2 g6 35. hxg6+ Kxg6 36. Kc2 h5 37. gxh5+ Kxh5 38. Kd2 g4 39. Ke2 Kh4 40. Kf2 Kh3 41. Kg1 g3 42. c4 dxc4 0-1

[Event "Montigny le Bretonneux op 7th"]
[Site "Montigny le Bretonneux"]
[Date "2003.05.04"]
[Round "7.19"]
[White "Villaret, Valerie"]
[Black "Benhamouda, Matthieu"]
[Result "1/2-1/2"]
[WhiteElo "1360"]
[BlackElo "1350"]
[PlyCount "63"]
[EventDate "2003.05.??"]
[EventType "swiss"]
[EventRounds "9"]
[EventCountry "FRA"]
[SourceTitle "EXT 2004"]
[Source "ChessBase"]
[SourceDate "2003.11.25"]
[SourceVersion "1"]
[SourceVersionDate "2003.11.25"]
[SourceQuality "1"]

1. b3 e5 2. Bb2 Nf6 3. e3 Nc6 4. Bc4 Bc5 5. Ne2 d6 6. 0-0 0-0 7. d4 Bb6 8. dxe5 Nxe5 9. Nd2 Bf5 10. Ng3 Bg4 11. Be2 Be6 12. c4 Qd7 13. Nf3 Nxf3+ 14. Bxf3 Qe7 15. Re1 Rab8 16. Qc2 Bg4 17. Qd1 Qe6 18. Bxf6 Qxf6 19. Bxg4 Ba5 20. Re2 Bc3 21. Rc1 Bb2 22. Rb1 Be5 23. f4 Bc3 24. Qf1 Rfe8 25. Qf3 Qg6 26. f5 Qg5 27. Ne4 Rxe4 28. Qxe4 Be5 29. h3 Qh4 30. Qf3 b6 31. Qf2 Bg3 32. Qf3 1/2-1/2

[Event "Montigny le Bretonneux-B 2nd"]
[Site "Montigny le Bretonneux"]
[Date "2003.??.??"]
[Round "3"]
[White "Benoliel, Pascal"]
[Black "Villaret, Valerie"]
[Result "1-0"]
[WhiteElo "1610"]
[BlackElo "1330"]
[PlyCount "85"]
[EventDate "2003.10.??"]
[EventType "swiss"]
[EventRounds "9"]
[EventCountry "FRA"]
[SourceTitle "EXT 2005"]
[Source "ChessBase"]
[SourceDate "2004.11.15"]
[SourceVersion "1"]
[SourceVersionDate "2004.11.15"]
[SourceQuality "1"]

1. e4 e6 2. d4 d5 3. exd5 exd5 4. c4 Be6 5. Nc3 Bb4 6. Qa4+ Nc6 7. Qb5 Rb8 8. cxd5 Bxc3+ 9. bxc3 Bxd5 10. c4 Qe7+ 11. Ne2 a6 12. Qxd5 Nf6 13. Qc5 Qxc5 14. dxc5 0-0 15. Bf4 Rbc8 16. Rb1 Na5 17. Nc3 Rfe8+ 18. Be3 Rb8 19. Be2 Nd7 20. 0-0 Ne5 21. Nd5 Rbc8 22. Rfe1 Nexc4 23. Bg5 f6 24. Bxf6 gxf6 25. Nxf6+ Kh8 26. Nxe8 Rxe8 27. Bxc4 Rxe1+ 28. Rxe1 Nxc4 29. Re8+ Kg7 30. Re7+ Kh6 31. h4 b5 32. cxb6 cxb6 33. g4 Kg6 34. f4 h5 35. f5+ Kf6 36. Re6+ Kg7 37. g5 Kf7 38. g6+ Kg7 39. Re7+ Kf8 40. f6 Nd6 41. Ra7 a5 42. Ra8+ Ne8 43. f7 1-0

[Event "Montigny le Bretonneux-B 2nd"]
[Site "Montigny le Bretonneux"]
[Date "2003.??.??"]
[Round "6"]
[White "Le Gall, Louis"]
[Black "Villaret, Valerie"]
[Result "1-0"]
[WhiteElo "1680"]
[BlackElo "1330"]
[PlyCount "145"]
[EventDate "2003.10.??"]
[EventType "swiss"]
[EventRounds "9"]
[EventCountry "FRA"]
[SourceTitle "EXT 2005"]
[Source "ChessBase"]
[SourceDate "2004.11.15"]
[SourceVersion "1"]
[SourceVersionDate "2004.11.15"]
[SourceQuality "1"]

1. e4 e5 2. Bc4 d6 3. d4 Nd7 4. Nf3 Ngf6 5. dxe5 dxe5 6. 0-0 Bc5 7. Ng5 0-0 8. Nc3 h6 9. Nf3 b6 10. Qe2 Bb7 11. Be3 Nxe4 12. Nxe4 Bxe4 13. Rad1 Bxf3 14. Qxf3 Qe7 15. Bxh6 gxh6 16. Qg4+ Qg5 17. Qxg5+ hxg5 18. Rxd7 Rac8 19. Re1 Kg7 20. Rxe5 Kg6 21. Kf1 Bd6 22. Re3 Rcd8 23. Rxd8 Rxd8 24. Bd3+ Kg7 25. h3 f6 26. Ba6 Be5 27. b3 Rd2 28. Bd3 Rd1+ 29. Ke2 Rg1 30. Be4 Ra1 31. a4 Bd6 32. Bd5 Be5 33. Rd3 Rc1 34. c4 Rc2+ 35. Ke3 c5 36. Bf3 Bf4+ 37. Ke4 Kg6 38. Kd5 Rxf2 39. Kc6 Bd2 40. Kb7 Ba5 41. Kxa7 Rb2 42. Kb7 f5 43. Rd6+ Kg7 44. Rd3 Kf6 45. Re3 f4 46. Rd3 Kf5 47. Kc6 Ke5 48. Kd7 Kf6 49. Ke8 Kg6 50. Ke7 Kg7 51. Ke6 Kg6 52. Be4+ Kh5 53. Kf5 Kh4 54. Bf3 Be1 55. Ke5 Ba5 56. Ke4 Kg3 57. Kf5 Kh4 58. Bc6 Bb4 59. Rd6 Rxb3 60. Rh6+ Kg3 61. Bf3 Bd2 62. Kxg5 Rxf3 63. gxf3 Kxf3 64. Rxb6 Kg3 65. Rb3+ Be3 66. a5 f3+ 67. Rxe3 Kg2 68. Rxf3 Kxf3 69. a6 Ke4 70. a7 Kd4 71. a8Q Kxc4 72. h4 Kd4 73. h5 1-0

[Event "Montigny le Bretonneux-B 2nd"]
[Site "Montigny le Bretonneux"]
[Date "2003.??.??"]
[Round "7"]
[White "Villaret, Valerie"]
[Black "Rivier, Kevin"]
[Result "1-0"]
[WhiteElo "1330"]
[BlackElo "1220"]
[PlyCount "55"]
[EventDate "2003.10.??"]
[EventType "swiss"]
[EventRounds "9"]
[EventCountry "FRA"]
[SourceTitle "EXT 2005"]
[Source "ChessBase"]
[SourceDate "2004.11.15"]
[SourceVersion "1"]
[SourceVersionDate "2004.11.15"]
[SourceQuality "1"]

1. b3 e5 2. Bb2 Nc6 3. e3 d5 4. Bb5 Bd7 5. Bxc6 Bxc6 6. Bxe5 Bd6 7. Bxg7 f6 8. Bxh8 Qe7 9. Qg4 Nh6 10. Qh5+ Qf7 11. Qxh6 Be7 12. Nf3 0-0-0 13. Bxf6 Bxf6 14. Qf4 Qg6 15. Nd4 Bxd4 16. Qxd4 Qxg2 17. Rf1 b6 18. Qh4 Bd7 19. Nc3 Bg4 20. Qg3 Qxg3 21. hxg3 d4 22. Nb5 d3 23. f3 Bh3 24. Rh1 Bg2 25. Rxh7 Bxf3 26. Rxc7+ Kb8 27. Rc3 Bd5 28. Rxd3 1-0

[Event "Montigny le Bretonneux Noel op 05th"]
[Site "Montigny le Bretonneux"]
[Date "2002.12.28"]
[Round "3.26"]
[White "Villaret, Valerie"]
[Black "Marques, Nuno"]
[Result "0-1"]
[WhiteElo "1220"]
[BlackElo "1499"]
[PlyCount "112"]
[EventDate "2002.12.??"]
[EventType "swiss"]
[EventRounds "7"]
[EventCountry "FRA"]
[SourceTitle "EXT 2004"]
[Source "ChessBase"]
[SourceDate "2003.11.25"]
[SourceVersion "1"]
[SourceVersionDate "2003.11.25"]
[SourceQuality "1"]

1. e4 e5 2. Nf3 Nc6 3. d4 d6 4. dxe5 dxe5 5. Qxd8+ Kxd8 6. Bc4 f6 7. Bd2 Bd6 8. Nc3 a6 9. 0-0-0 Na5 10. Bd5 Ne7 11. Ne2 Nxd5 12. Bxa5 b6 13. Rxd5 bxa5 14. Rhd1 Ke7 15. Nd2 Bb7 16. Rxa5 Bb4 17. Ra4 c5 18. a3 Bc6 19. Rxb4 cxb4 20. axb4 a5 21. c3 axb4 22. cxb4 Rhc8 23. Nc3 Ra7 24. Nc4 Ra1+ 25. Kc2 Bxe4+ 26. Kb3 Rxd1 27. Nxe4 Rd4 28. Nc5 f5 29. Nxe5 Rd2 30. Ned3 g5 31. Kc3 Rd1 32. b3 Kd6 33. Kd4 g4 34. g3 Rc7 35. Ke3 Kd5 36. Ke2 Rh1 37. Ke3 Rxh2 38. Kf4 Rh5 39. Ke3 Rg5 40. Kf4 h6 41. Ke3 Re7+ 42. Kd2 h5 43. b5 Rc7 44. Na6 Rb7 45. Kc3 Ke4 46. Ndc5+ Kf3 47. Nxb7 f4 48. gxf4 Rxb5 49. Nd8 Kxf4 50. Nc7 Rc5+ 51. Kd4 Rxc7 52. Ne6+ Kf3 53. Nxc7 Kxf2 54. Kc5 g3 55. Nd5 g2 56. b4 g1Q 0-1

[Event "Montigny le Bretonneux Noel op 05th"]
[Site "Montigny le Bretonneux"]
[Date "2002.12.27"]
[Round "2.26"]
[White "Baron, Romuald"]
[Black "Villaret, Valerie"]
[Result "1-0"]
[WhiteElo "1670"]
[BlackElo "1220"]
[PlyCount "73"]
[EventDate "2002.12.??"]
[EventType "swiss"]
[EventRounds "7"]
[EventCountry "FRA"]
[SourceTitle "EXT 2004"]
[Source "ChessBase"]
[SourceDate "2003.11.25"]
[SourceVersion "1"]
[SourceVersionDate "2003.11.25"]
[SourceQuality "1"]

1. d4 d5 2. c4 e6 3. Nc3 Nf6 4. Bg5 Be7 5. e3 c6 6. Nf3 Nbd7 7. cxd5 cxd5 8. Bd3 0-0 9. 0-0 b6 10. Rc1 Bb7 11. Nb5 a6 12. Nc7 Ra7 13. Qa4 a5 14. Nb5 Ra8 15. Ne5 Nxe5 16. dxe5 Nd7 17. Bxe7 Qxe7 18. Rc7 Ba6 19. Rd1 Rfc8 20. Rxc8+ Rxc8 21. Nd6 Nc5 22. Nxc8 Bxc8 23. Qc6 Qd8 24. Qa8 Qd7 25. Bb5 Qb7 26. Qxb7 Bxb7 27. Rc1 g6 28. a3 Kg7 29. b4 axb4 30. axb4 Na6 31. Bxa6 Bxa6 32. Rc6 Bc4 33. Rxb6 h5 34. Rb8 Kh6 35. h4 Kg7 36. b5 Bxb5 37. Rxb5 1-0

[Event "Montigny le Bretonneux Noel op 04th"]
[Site "Montigny le Bretonneux"]
[Date "2001.12.29"]
[Round "5.21"]
[White "Benhamouda, Fabrice"]
[Black "Villaret, Valerie"]
[Result "0-1"]
[WhiteElo "1290"]
[BlackElo "1110"]
[PlyCount "123"]
[EventDate "2001.12.26"]
[EventType "swiss"]
[EventRounds "7"]
[EventCountry "FRA"]
[SourceTitle "EXT 2003"]
[Source "ChessBase"]
[SourceDate "2002.11.25"]
[SourceVersion "1"]
[SourceVersionDate "2002.11.25"]
[SourceQuality "1"]

1. e4 c5 2. Bc4 e6 3. Nc3 Nf6 4. d3 Be7 5. e5 Ng8 6. Nf3 d5 7. Bb5+ Bd7 8. Bxd7+ Nxd7 9. 0-0 d4 10. Ne4 f6 11. exf6 Ngxf6 12. Re1 0-0 13. Nfg5 Nxe4 14. Nxe4 Qc7 15. Qg4 e5 16. Bh6 Bf6 17. Nxf6+ Nxf6 18. Qg3 Rae8 19. Bd2 Rf7 20. f3 Qe7 21. Re2 Nd7 22. Rae1 Qe6 23. b3 Rf5 24. c3 Ref8 25. cxd4 cxd4 26. Qh3 Qd5 27. Qg3 R8f6 28. Rc1 Rg6 29. Qe1 Rxf3 30. Rc8+ Kf7 31. Rf2 Nb6 32. Rc7+ Nd7 33. Qe4 Qxe4 34. dxe4 Rxf2 35. Kxf2 Rf6+ 36. Ke2 Ke8 37. Rxb7 Ra6 38. a4 Nc5 39. b4 Nxb7 40. a5 Nd6 41. Kd3 Ke7 42. g3 Rc6 43. h4 Nc4 44. Be1 Nb2+ 45. Kd2 d3 46. g4 Rc4 47. Ke3 Rc1 48. Bd2 Nc4+ 49. Kxd3 Nxd2 50. Kxd2 Rc4 51. b5 Rxe4 52. Kc3 Rxg4 53. Kb3 Rxh4 54. b6 axb6 55. a6 Rd4 56. Kc3 Rd8 57. Kb4 Rb8 58. Kb5 e4 59. a7 Ra8 60. Kc6 e3 61. Kb7 Rxa7+ 62. Kxa7 0-1